| 000 | 00661nam a22002057a 4500 | ||
|---|---|---|---|
| 003 | OSt | ||
| 005 | 20130619130918.0 | ||
| 008 | 130618s2006 sp ||||| |||| 00| 0 spa d | ||
| 040 | _cCDMR | ||
| 245 | 0 | 3 | _aEl VIH/SIDA |
| 260 |
_a[Barcelona] _bCoordinadora Estatal del VIH/SIDA (CESIDA) |
||
| 260 | _bEscola de Sida | ||
| 260 |
_bProjecció, Mecenatge social _cDL 2006 |
||
| 300 | _a44 p. | ||
| 490 |
_aGuía de estilo. _aSalud y medios de comunicación |
||
| 650 | 0 | 4 |
_93086 _aPeriodisme _xManuals d'estil |
| 650 | 0 | 4 |
_93821 _aSalut en els mitjans de comunicació de massa |
| 650 | 0 | 4 |
_92757 _aMitjans de comunicació de massa _xAspectes socials |
| 942 |
_2udc _cMON |
||
| 999 |
_c6485 _d6485 |
||